000 00199nam a2200085Ia 4500
008 170620s9999 xx 000 0 und d
100 _aKapoor -S . K .
245 0 _aSpecific relief Act
260 _bCommercial Law
260 _c2001
999 _c28680
_d28680